10 pays les plus orientaux d'Asie - Statistiques

Statistiques générales
  • Ce quiz a été pris 1 182 fois
  • Le résultat moyen est 9 sur 10
Statistiques - réponses
Longitude Pays % Correct
153°59'E Japon
98%
134°46'E Chine
97%
130°56'E Corée du Sud
96%
130°40'E Corée du Nord
95%
141°05'E Indonésie
93%
180°00'E Russie
90%
126°34'E Philippines
89%
122°06'E Taïwan
88%
119°56'E Mongolie
75%
127°19'E Timor oriental
70%
Aucun quiz correspondant
Distribution des résultats
% des personnes avec chaque résultat
Percentile par nombre de réponses
Votre historique - résultats
Vous n’avez pas pris ce quiz